| 000 | 00575nam a22001817a 4500 | ||
|---|---|---|---|
| 005 | 20241105143425.0 | ||
| 008 | 241010b |||||||| |||| 00| 0 eng d | ||
| 020 | _a9781835350102 | ||
| 082 | _aDC 516.3 P587 2025 | ||
| 100 |
_aPickover, A. _962709 |
||
| 245 |
_aAn introduction to statistics and analytical geometry / _cA. Pickover. |
||
| 260 |
_aUK : _bEd-Tech Press, _c©2025. |
||
| 300 |
_aix, 286 pages : _billustrations ; _c26 cm. |
||
| 500 | _aIncludes bibliography and index. | ||
| 650 | 0 |
_aAnalytic geometry. _917037 |
|
| 650 | 0 |
_aGeometry. _937224 |
|
| 942 |
_2ddc _cDC |
||
| 999 |
_c22440 _d22440 |
||